La matière - Physique Chimie - Statistiques

Statistiques générales
  • Ce quiz a été pris 191 fois
  • Le résultat moyen est 7 sur 30
Statistiques - réponses
Hint Réponse % Correct
Qu'est-ce que la filtration ? La séparation des constituants d'un mélange hétérogène basée sur un réseau (tamis, filtre).
100%
Qu'a démontré Galilée ? L'héliocentrisme (d'autres choses tournent autour de la Terre).
100%
Quelle est la charge du noyau atomique ? Charge électrique globale positive.
45%
Quelle est la charge d'un proton ? Positive.
45%
Quelle est la charge d'un électron ? Négative.
44%
Que sont les molécules ? Des atomes liés entre eux.
39%
Quelle est la charge d'un neutron ? Neutre.
39%
Qu'est-ce que la condensation ? Passer de l'état gazeux à l'état solide, et de l'état gazeux à l'état liquide.
39%
Qu'est-ce que la fusion ? Passer de l'état solide à l'état liquide.
39%
Qu'est-ce qu'un noyau ? Au milieu de l'atome : neutrons et protons.
38%
Qu'est-ce que la solidification ? Passer de l'état liquide à l'état solide.
36%
Comment s'appelle l'ensemble des protons et neutrons ? Les nucléons.
31%
Qu'est-ce que la vaporisation ? Passer de l'état liquide à l'état gazeux.
28%
Qu'est-ce que la sublimation ? Passer de l'état solide à l'état gazeux.
26%
Quels sont les trois états de la matière ? Liquide, solide et gazeux.
25%
Quelle est l'unité de température dans le système international ? Le kelvin.
21%
Qu'est-ce qui est conservé pendant un changement d'état et qu'est-ce qui ne l'est pas ? Les masses, mais pas le volume.
4%
Dans un atome, y-a-t-il plus de protons ou d'électrons ? Il y a autant de protons que d'électrons.
3%
Citez un mélange liquide hétérogène. L'huile et l'eau.
3%
Citez un mélange liquide homogène. Le café et le lait.
2%
Lorsqu'un corps pur ne se dissout plus, qu'est-ce que cela signifie ? Que la solution est saturée.
2%
Qu'est-ce qu'un corps pur ? Une substance formée d'un seul constituant.
2%
Qu'est-ce qu'un atome ? Un modèle.
2%
Qu'est-ce que la décantation ? La séparation des constituants d'un mélange hétérogène par gravitation.
1%
Qu'est-ce qu'un palier de température ? Un corps pur qui change d'état à température constante.
1%
Qu'est-ce que la centrifugation ? La décantation accélérée d'un mélange hétérogène par utilisation de la force centrifuge.
0%
Qu'est-ce que la distillation ? La séparation des constituants d'un mélange homogène par vaporisation.
0%
De quoi est constitué un atome ? Noyau et électrons gravitant autour.
0%
Qu'est-ce qu'un modèle ? Une représentation qui permet de prévoir et d'expliquer les différents phénomènes observés.
0%
Qu'est-ce qu'un mélange ? Une substance contenant plusieurs constituants différents.
0%
Aucun quiz correspondant
Distribution des résultats
% des personnes avec chaque résultat
Percentile par nombre de réponses
Votre historique - résultats
Vous n’avez pas pris ce quiz